| 000 | 00388nam a2200157 a 4500 | ||
|---|---|---|---|
| 005 | 20140414132032.0 | ||
| 008 | 110317s19uu xx 00 eng d | ||
| 050 |
_aTR _bM58 1997 |
||
| 100 | _aDePaola, Tomie, 1934- | ||
| 245 | _aMice squeak, we speak. | ||
| 260 |
_aNew York : _bScholastic , _cc1997. |
||
| 520 | _a | ||
| 650 |
_aSound effects _x |
||
| 650 |
_a _x |
||
| 999 |
_c113654 _d113654 |
||